The garland of letters : (Record no. 132637)

MARC details
000 -LEADER
fixed length control field 00583nam a22002057a 4500
005 - DATE AND TIME OF LATEST TRANSACTION
control field 20170124110157.0
010 ## - LIBRARY OF CONGRESS CONTROL NUMBER
LC control number B-012803
020 ## - INTERNATIONAL STANDARD BOOK NUMBER
Terms of availability 80.00
035 ## - SYSTEM CONTROL NUMBER
System control number B-012803
037 ## - SOURCE OF ACQUISITION
Source of stock number/acquisition Cen Lib/Ret
040 ## - CATALOGING SOURCE
Original cataloging agency DPL
Language of cataloging EN
082 ## - DEWEY DECIMAL CLASSIFICATION NUMBER
Classification number 181.499
Item number WOO
100 ## - MAIN ENTRY--PERSONAL NAME
Personal name Woodroffe, John
9 (RLIN) 13040
245 ## - TITLE STATEMENT
Title The garland of letters :
Statement of responsibility, etc by John Woodroffe
Remainder of title studies in the mantra sastra /
260 ## - PUBLICATION, DISTRIBUTION, ETC. (IMPRINT)
Place of publication, distribution, etc Pondicherry
Name of publisher, distributor, etc Ganesh & company
Date of publication, distribution, etc 1979
270 ## - ADDRESS
City Pondicherry
300 ## - PHYSICAL DESCRIPTION
Extent xvi,318p.
Dimensions 21cm(Hb)
650 ## - SUBJECT ADDED ENTRY--TOPICAL TERM
Topical term or geographic name as entry element Philosophy
9 (RLIN) 35337
942 ## - ADDED ENTRY ELEMENTS (KOHA)
Source of classification or shelving scheme Dewey Decimal Classification
Koha item type English Books
Classification part 181.499
Call number suffix WOO
Holdings
Withdrawn status Lost status Damaged status Not for loan Home library Current library Date acquired Source of acquisition Cost, normal purchase price Total Checkouts Full call number Barcode Date last seen Date checked out Copy number Cost, replacement price Price effective from Koha item type
        Central Library Central Library 23/07/2015 Cen Lib/Ret 80.00 1 181.499 WOO B-012803 06/04/2018 26/03/2018 1 80.00 23/07/2015 English Books

© Delhi Public Library
Hit Counter
free hit counter